书目信息 |
| 题名: |
现代生物技术方法在中药现代化中的应用
|
|
| 作者: | 于荣敏 , 赵昱 主编 | |
| 分册: | ||
| 出版信息: | 北京 中国医药科技出版社 2005.01 |
|
| 页数: | 256页 | |
| 开本: | 26cm | |
| 丛书名: | ||
| 单 册: | ||
| 中图分类: | TQ461-39 | |
| 科图分类: | ||
| 主题词: | 生物技术--sheng wu ji shu--应用--中草药--生产--现代化 | |
| 电子资源: | ||
| ISBN: | 7-5067-3108-8 | |
| 000 | 00996nam0 2200229 450 | |
| 001 | 012006647381 | |
| 005 | 20060308170821.83 | |
| 010 | @a7-5067-3108-8@dCNY32.00 | |
| 100 | @a20060308d2005 km y0chiy0120 ea | |
| 101 | 0 | @achi |
| 102 | @aCN@b110000 | |
| 105 | @ay z 000yy | |
| 200 | 1 | @a现代生物技术方法在中药现代化中的应用@Axian dai sheng wu ji shu fang fa zai zhong yao xian dai hua zhong de ying yong@f于荣敏, 赵昱主编@Fyu rong min,zhao yu zhu bian |
| 210 | @a北京@c中国医药科技出版社@d2005.01 | |
| 215 | @a256页@d26cm | |
| 330 | @a本书重点介绍现代生物技术方法在中药现代化中的应用,内容包括中药现代化概述,基因工程基本理论及在中药现代化中的应用,酶工程基本理论及其在中药现代化中的应用,细胞工程基本理论及其在中药现代化中的应用,植物生物转化与中药现代化 | |
| 606 | 0 | @a生物技术@Asheng wu ji shu@x应用@x中草药@x生产@x现代化 |
| 690 | @aTQ461-39@v4 | |
| 701 | 0 | @a于荣敏@Ayu rong min@4主编 |
| 701 | 0 | @a赵昱@Azhao yu@4主编 |
| 801 | 0 | @aCN@bQSSK@c20060308 |
| 905 | @a10447@dTQ461-39@eY722 | |
| 现代生物技术方法在中药现代化中的应用/于荣敏, 赵昱主编.-北京:中国医药科技出版社,2005.01 |
| 256页;26cm |
| ISBN 7-5067-3108-8:CNY32.00 |
| 本书重点介绍现代生物技术方法在中药现代化中的应用,内容包括中药现代化概述,基因工程基本理论及在中药现代化中的应用,酶工程基本理论及其在中药现代化中的应用,细胞工程基本理论及其在中药现代化中的应用,植物生物转化与中药现代化 |
| ● |
| 相关链接 |
|
|
|
正题名:现代生物技术方法在中药现代化中的应用
索取号:TQ461-39/Y722
 
预约/预借
| 序号 | 登录号 | 条形码 | 馆藏地/架位号 | 状态 | 备注 |
| 1 | 555439 | 205554390 | 自科库501/501自科库 69排2列5层/ [索取号:TQ461-39/Y722] | 在馆 | |
| 2 | 555440 | 205554407 | 期刊室512/501自科库 69排2列5层/ [索取号:TQ461-39/Y722] | 在馆 | |
| 3 | 555441 | 205554416 | 自科库501/501自科库 69排2列5层/ [索取号:TQ461-39/Y722] | 在馆 |